Statystyki dla Państwa Imperium Osmańskiego

Kliknij tutaj aby rozwiązać quiz!

Ogólne statystyki

  • Ten quiz został rozwiązany 6,417 razy
  • Średni wynik to 36 z 50

Statystyki odpowiedzi

Imperium Osmańskie % poprawnych
Turcja
94%
Grecja
91%
Egipt
91%
Iran
90%
Irak
89%
Arabia Saudyjska
88%
Rosja
86%
Serbia
86%
Rumunia
85%
Izrael
84%
Bułgaria
84%
Węgry
84%
Chorwacja
82%
Ukraina
82%
Gruzja
81%
Albania
81%
Oman
80%
Armenia
80%
Bośnia i Hercegowina
79%
Włochy
79%
Algieria
79%
Austria
79%
Słowenia
78%
Jemen
78%
Azerbejdżan
78%
Kosowo
78%
Syria
76%
Maroko
76%
Czarnogóra
75%
Libia
75%
Macedonia Północna
75%
Mołdawia
75%
Zjednoczone Emiraty
Arabskie
73%
Słowacja
72%
Tunezja
70%
Sudan
67%
Kuwejt
66%
Katar
66%
Liban
65%
Jordania
63%
Cypr
60%
Etiopia
56%
Sudan Południowy
50%
Somalia
48%
Malta
47%
Erytrea
46%
Bahrajn
46%
Palestyna
35%
Dżibuti
33%
Wielka Brytania
20%

Rozkład punktacji

Percentyl według liczby udzielonych odpowiedzi

Procent ludzi z każdym wynikiem

Twoja historia wyników

Nie rozwiązałeś tego quizu